000 01195nam a2200361 a 4500
001 000114872
003 CHAP
005 20220329144502.0
008 180724s2017 mx a |r| |||||||spa d
010 _a111333
011 _a112305
020 _a9786077579724
040 _cCHAP
090 _aFolleto 5373
245 0 0 _aBuenos alimentos en el cafetal /
_cpor Matide ALtamirano...[et al.
260 _aMéxico :
_bCENACAFE,
_c2017.
300 _a48p. :
_bil. y graficas.
490 1 _aCENACAFE. Investigación y trasferencia de tecnología
590 _aBATCH-UPD
_b05
_c20180724
_lUCH01
_h1138
590 _aE11695DGD
_b10
_c20180727
_lUCH01
_h0934
590 _aE11695DGD
_b10
_c20180727
_lUCH01
_h0934
590 _aE11695DGD
_b10
_c20190902
_lUCH01
_h1211
590 _aE11695DGD
_b10
_c20190902
_lUCH01
_h1215
590 _aE11695DGD
_b10
_c20190902
_lUCH01
_h1219
590 _aE6339RRR
_b05
_c20180724
_lUCH01
_h1137
650 1 4 _aAlimentos silvestres.
_9135274
650 1 4 _aHortalizas silvestres
_xConsumo.
_9135270
700 1 _aAltamirano, Matilde.
_9135262
830 0 _aCENACAFE. Investigación y trasferencia de tecnología
_9135287
901 _aBK
942 _cFOLL
942 _n0
999 _c111333
_d111333